Исследование геодинамических процессов и предвестники землетрясений на территории УССР: сборник научных трудов

التفاصيل البيبلوغرافية
مؤلف مشترك: Академия наук Украинской ССР (АН УССР) Институт геофизики (ИГФ) Научный совет по проблеме "Современная геодинамика и прогноз землетрясений"
مؤلفون آخرون: Лазаренко М. А. (редактор)
اللغة:الروسية
منشور في: Киев, Наукова думка, 1989
الموضوعات:
التنسيق: كتاب
KOHA link:https://koha.lib.tpu.ru/cgi-bin/koha/opac-detail.pl?biblionumber=255620

MARC

LEADER 00000nam0a2200000 4500
001 255620
005 20231101233037.0
010 |a 5120010040 
020 |a RU  |b 89-63068 
035 |a (RuTPU)RU\TPU\book\278136 
090 |a 255620 
100 |a 20140331d1989 k y0rusy5003 ca 
101 0 |a rus 
102 |a RU 
105 |a a z 001zy 
200 1 |a Исследование геодинамических процессов и предвестники землетрясений на территории УССР  |e сборник научных трудов  |f Академия наук Украинской ССР (АН УССР), Институт геофизики (ИГФ), Научный совет по проблеме "Современная геодинамика и прогноз землетрясений" ; под ред. М. А. Лазаренко 
210 |a Киев  |c Наукова думка  |d 1989 
215 |a 124 с.  |c ил., карты 
320 |a Библиогр. в конце ст. 
606 1 |a Землетрясения  |2 stltpush  |3 (RuTPU)RU\TPU\subj\11717  |9 38626 
610 1 |a геодинамика 
610 1 |a Украина 
610 1 |a Карпаты 
610 1 |a геодинамические процессы 
610 1 |a сейсмоактивные районы 
610 1 |a Румыния 
610 1 |a тектоника 
675 |a 550.348.436  |v 3 
702 1 |a Лазаренко  |b М. А.  |4 340 
712 0 2 |a Академия наук Украинской ССР (АН УССР)  |b Институт геофизики (ИГФ)  |b Научный совет по проблеме "Современная геодинамика и прогноз землетрясений"  |c (Киев)  |2 stltpush  |3 (RuTPU)RU\TPU\col\13865 
801 0 |a RU  |b RuMRKP  |c 19960704  |g psbo 
801 1 |a RU  |b 63413507  |c 20140331 
801 2 |a RU  |b 63413507  |c 20140701  |g RCR 
942 |c BK